| 000 | 00703nam a22001937a 4500 | ||
|---|---|---|---|
| 003 | OSt | ||
| 005 | 20180116183041.0 | ||
| 008 | 160223b xxu||||| |||| 00| 0 eng d | ||
| 020 | _a16-289-2013-2 | ||
| 024 | _216-289-2013-2 | ||
| 040 | _cLahore University of Management Sciences | ||
| 082 | _a174.4 LUM 2013 | ||
| 100 | _aA NOTE ON SOURCES OF SECONDARY DATA IN PAKISTAN: HEALTHCARE INDICATORS | ||
| 245 |
_aA NOTE ON SOURCES OF SECONDARY DATA IN PAKISTAN: HEALTHCARE INDICATORS _cBUTT MN |
||
| 260 |
_aLahore _bLahore University of Management Sciences _c2013 |
||
| 300 |
_a24 p. _bPapers |
||
| 440 | _aA NOTE ON SOURCES OF SECONDARY DATA IN PAKISTAN: HEALTHCARE INDICATORS | ||
| 942 |
_2ddc _cCS |
||
| 999 |
_c351258 _d351258 |
||